Catálogo
 En Linea

Camino a la reunificación de China con los tres principios del pueblo / (Registro nro. 35926)

Detalles MARC
000 -CABECERA
campo de control de longitud fija 00446nam a2200133 a 4500
001 - NÚMERO DE CONTROL
campo de control 000036435
005 - FECHA Y HORA DE LA ÚLTIMA TRANSACCIÓN
campo de control 20200930075729.0
008 - DATOS DE LONGITUD FIJA--INFORMACIÓN GENERAL
campo de control de longitud fija 120117s1984 cc a 000 0 spa d
040 ## - FUENTE DE LA CATALOGACIÓN
Centro catalogador/agencia de origen DO-SdBNP
Lengua de catalogación spa
Centro/agencia transcriptor BNPHU
100 1# - ENTRADA PRINCIPAL--NOMBRE DE PERSONA
Nombre de persona Chan-ling, Wang
9 (RLIN) 62654
245 10 - MENCIÓN DE TÍTULO
Título Camino a la reunificación de China con los tres principios del pueblo /
Mención de responsabilidad, etc. Wang Chan-ling.
260 ## - PUBLICACIÓN, DISTRIBUCIÓN, ETC.
Lugar de publicación, distribución, etc. [China], :
Nombre del editor, distribuidor, etc. Comisión Editorial Kuang Lu,
Fecha de publicación, distribución, etc. 1984.
300 ## - DESCRIPCIÓN FÍSICA
Extensión 111 p. :
Otras características físicas il. ;
Dimensiones 19 cm.
Existencias
Estado de retiro Estado de pérdida Restricciones de uso No para préstamo Código de colección Localización permanente Ubicación/localización actual Ubicación en estantería Fecha de adquisición Número de inventario Total de préstamos Signatura topográfica completa Código de barras Fecha visto por última vez Precio válido a partir de Tipo de ítem Koha
        Monografías: Libros y Folletos General General Orden iniciada 17.01.2012 LF1   36436-10 25.06.2020 25.06.2020 No se presta

Con tecnología Koha